000 00409nam a2200145 4500
082 0 0 _a355
_bRAH
_cL-40,P-720
100 2 _aAttiqur Rahman, Mohammed,
_946728
245 1 0 _aLeadership: junior commanders,
_cby M. Attiqur Rahman.
260 _aLahore,
_bFerozsons
300 _a86 p.
_c19 cm.
526 _a0
_b0
_c0
_d355_000000000000000_RAH
650 0 _aLeadership.
_9300
650 0 _aMCE
_9379
942 _2ddc
_cBK
999 _c549985
_d549985